000 00281nam a22001337a 4500
008 181204b xxu||||| |||| 00| 0 eng d
020 _a9780131469129
041 _aeng
080 _a591
100 _a7
101 _aZOO
245 _aLife On Earth
_cByers.A
942 _2udc
_cBK
999 _c52825
_d52825